[Event "Bodensee Seniors op"]
[Site "Bregenz"]
[Date "2023.05.18"]
[Round "6"]
[White "Maryasin, Boris Feliksovich"]
[Black "Dobosz, Henryk"]
[Result "0-1"]
[WhiteElo "2267"]
[BlackElo "2315"]
[PlyCount "108"]
[EventDate "2023.05.13"]
[EventType "swiss"]
[EventRounds "7"]
[EventCountry "AUT"]
[SourceTitle "CBM 214 Extra"]
[Source "ChessBase"]
[SourceDate "2023.07.31"]
[SourceVersion "1"]
[SourceVersionDate "2023.07.31"]
[SourceQuality "1"]

1. e4 c5 2. Nf3 Nc6 3. Bb5 d6 4. 0-0 Bd7 5. c3 a6 6. Ba4 c4 7. Bc2 Nf6 8. Qe2 b5 9. b3 cxb3 10. axb3 e5 11. d4 Be7 12. Ba3 Bg4 13. Rd1 Qc7 14. d5 Nb8 15. h3 Bxf3 16. Qxf3 Nbd7 17. Nd2 0-0 18. c4 Rfb8 19. Nf1 b4 20. Bb2 Nc5 21. Ne3 Bf8 22. Nf5 g6 23. Ng3 Bg7 24. Qe3 a5 25. Ne2 Nfd7 26. Nc1 Nb6 27. Nd3 Nxd3 28. Bxd3 Nd7 29. Rab1 Nc5 30. Be2 a4 31. bxa4 Rxa4 32. f4 exf4 33. Qxf4 Bxb2 34. Rxb2 Re8 35. Bf3 b3 36. Qc1 Qa5 37. Kh2 Ra2 38. Rb1 Rc2 39. Qf4 Qb6 40. h4 Rxc4 41. h5 Qc7 42. Re1 Qe7 43. Re3 Qe5 44. Kg3 f5 45. Qxe5 Rxe5 46. Rexb3 Nxb3 47. Rxb3 fxe4 48. Bg4 gxh5 49. Be6+ Kg7 50. Rb7+ Kg6 51. Bf7+ Kg5 52. Rb1 e3 53. Be6 e2 54. Re1 Rf4 0-1

[Event "Bodensee Seniors op"]
[Site "Bregenz"]
[Date "2023.05.16"]
[Round "4"]
[White "Lopez Ramirez, Jorge Hernan"]
[Black "Dobosz, Henryk"]
[Result "0-1"]
[WhiteElo "1865"]
[BlackElo "2315"]
[PlyCount "122"]
[EventDate "2023.05.13"]
[EventType "swiss"]
[EventRounds "7"]
[EventCountry "AUT"]
[SourceTitle "CBM 214 Extra"]
[Source "ChessBase"]
[SourceDate "2023.07.31"]
[SourceVersion "1"]
[SourceVersionDate "2023.07.31"]
[SourceQuality "1"]

1. d4 Nf6 2. Nf3 d5 3. Bf4 c5 4. e3 Nc6 5. c3 cxd4 6. exd4 Bf5 7. Bb5 Qb6 8. Qa4 Nd7 9. 0-0 a6 10. Bxc6 Qxc6 11. Qxc6 bxc6 12. Ne5 Nxe5 13. Bxe5 f6 14. Bf4 g5 15. Be3 a5 16. Nd2 e6 17. h3 h5 18. Rfe1 Rh7 19. Nf1 Kf7 20. Ng3 Kg6 21. b3 Bd6 22. Bd2 e5 23. Ne2 h4 24. c4 dxc4 25. bxc4 Be6 26. c5 Bc7 27. Nc3 Rd7 28. Be3 exd4 29. Bxd4 Bf5 30. Be3 Be5 31. Rac1 Rd3 32. Na4 Rad8 33. Nb6 Bb2 34. Rc4 Rd1 35. Rxd1 Rxd1+ 36. Kh2 Bd3 37. Ra4 Bb5 38. Rxa5 Be5+ 39. g3 hxg3+ 40. fxg3 Bd3 41. Kg2 Bf1+ 42. Kf2 Bxh3 43. Nc4 Rf1+ 44. Ke2 Bxg3 45. Ra3 Rf5 46. Na5 Bf1+ 47. Kd2 Rd5+ 48. Kc2 Bb5 49. Nb3 Be5 50. Ra8 g4 51. a4 Bd3+ 52. Kc1 Bc3 53. Rg8+ Kf5 54. a5 Rd7 55. Rh8 Ke4 56. Bg1 Kf3 57. Rh2 Re7 58. Nd2+ Kg3 59. Kd1 f5 60. Rh6 Kg2 61. Bh2 Kf2 0-1

[Event "Bodensee Seniors op"]
[Site "Bregenz"]
[Date "2023.05.15"]
[Round "3"]
[White "Dobosz, Henryk"]
[Black "Hilbig, Olaf"]
[Result "1-0"]
[WhiteElo "2315"]
[BlackElo "2027"]
[PlyCount "89"]
[EventDate "2023.05.13"]
[EventType "swiss"]
[EventRounds "7"]
[EventCountry "AUT"]
[SourceTitle "CBM 214 Extra"]
[Source "ChessBase"]
[SourceDate "2023.07.31"]
[SourceVersion "1"]
[SourceVersionDate "2023.07.31"]
[SourceQuality "1"]

1. d4 g6 2. e4 Bg7 3. c4 d6 4. Nc3 Nf6 5. h3 0-0 6. Bg5 c6 7. Nf3 Nbd7 8. Be2 e5 9. d5 c5 10. g4 a6 11. Nd2 Rb8 12. a3 Qc7 13. Qc2 Ne8 14. Be7 Bh6 15. g5 Bg7 16. 0-0-0 f5 17. Bxf8 Nxf8 18. Bd3 f4 19. Kb1 Bd7 20. Qb3 Qa5 21. Be2 b5 22. cxb5 Qd8 23. h4 axb5 24. Nxb5 Nc7 25. a4 Nxb5 26. Bxb5 Bxb5 27. axb5 Nd7 28. Nc4 Nb6 29. Rc1 Qd7 30. Qh3 Qxb5 31. Nxd6 Qd7 32. Qxd7 Nxd7 33. Rh3 Bf8 34. Nc4 h6 35. Ra3 hxg5 36. hxg5 Rb7 37. Ra6 Kg7 38. Re6 Rb4 39. Nxe5 Nxe5 40. Rxe5 Kf7 41. Re6 Bg7 42. Rxc5 Rxb2+ 43. Kc1 Rxf2 44. Rc7+ Kf8 45. Rb6 1-0

[Event "AUT-chT2W 2223"]
[Site "Austria"]
[Date "2022.11.12"]
[Round "4.2"]
[White "Dobosz, Henryk"]
[Black "Hoellrigl, Wilfried"]
[Result "1-0"]
[WhiteElo "2337"]
[BlackElo "2163"]
[PlyCount "65"]
[EventDate "2022.09.23"]
[EventType "team-tourn"]
[EventRounds "11"]
[EventCountry "AUT"]
[SourceTitle "CBM 213 Extra"]
[Source "ChessBase"]
[SourceDate "2023.05.31"]
[SourceVersion "1"]
[SourceVersionDate "2023.05.31"]
[SourceQuality "1"]
[WhiteTeam "Bregenz"]
[BlackTeam "Jenbach II"]
[WhiteTeamCountry "AUT"]
[BlackTeamCountry "AUT"]

1. c4 Nf6 2. Nc3 d5 3. cxd5 Nxd5 4. Nf3 g6 5. e4 Nxc3 6. dxc3 Qxd1+ 7. Kxd1 Bg7 8. Bf4 c6 9. Kc2 Nd7 10. h3 Nc5 11. Re1 Be6 12. b3 h6 13. Bc1 a5 14. Ba3 Na6 15. Nd4 Nb4+ 16. Kb1 Bd7 17. Rd1 Na6 18. Be2 a4 19. b4 Nc7 20. Rd2 Ne6 21. Rhd1 Nxd4 22. cxd4 0-0 23. f4 Be6 24. g4 f5 25. gxf5 gxf5 26. d5 cxd5 27. exd5 Bd7 28. b5 Rfe8 29. Rc2 Rac8 30. Rxc8 Bxc8 31. Bh5 Rd8 32. Bxe7 Rd7 33. d6 1-0

[Event "EU-ch Seniors 65 21st"]
[Site "Lublin"]
[Date "2022.07.05"]
[Round "1"]
[White "Stokes, Michael"]
[Black "Dobosz, Henryk"]
[Result "0-1"]
[WhiteElo "2024"]
[BlackElo "2354"]
[PlyCount "82"]
[EventDate "2022.07.05"]
[EventType "swiss"]
[EventRounds "9"]
[EventCountry "POL"]
[SourceTitle "CBM 209 Extra"]
[Source "ChessBase"]
[SourceDate "2022.09.30"]
[SourceVersion "1"]
[SourceVersionDate "2022.09.30"]
[SourceQuality "1"]

1. e4 c5 2. Nc3 e6 3. f4 d5 4. e5 Nh6 5. Nf3 Be7 6. Be2 Nc6 7. b3 a6 8. a4 b6 9. 0-0 Bb7 10. Bd3 Nb4 11. Qe2 Rc8 12. Kh1 Qd7 13. Bb2 Nxd3 14. Qxd3 Nf5 15. Ne2 h5 16. Ng5 h4 17. Qh3 Rh6 18. d3 f6 19. exf6 gxf6 20. Nf3 d4 21. Rf2 a5 22. Re1 Qd5 23. c4 Qc6 24. Bxd4 Qd7 25. Qg4 Kf7 26. Ng5+ fxg5 27. fxg5 Rg8 28. Be3 Ke8 29. Bf4 h3 30. Ng3 Rh4 31. Qe2 Nd4 32. Qe5 Bxg2+ 33. Kg1 Nf3+ 34. Rxf3 Bxf3 35. Be3 Bb7 36. Qb8+ Qc8 37. Qe5 Qd7 38. Qb8+ Bd8 39. Nf5 Rg4+ 40. Ng3 Qc6 41. Re2 Rf8 0-1

[Event "Oberliga Baden 2122"]
[Site "Germany"]
[Date "2022.06.18"]
[Round "6.2"]
[White "Dobosz, Henryk"]
[Black "Schlosser, Philipp"]
[Result "0-1"]
[WhiteElo "2369"]
[BlackElo "2507"]
[PlyCount "102"]
[EventDate "2021.10.10"]
[EventType "team-tourn"]
[EventRounds "11"]
[EventCountry "GER"]
[SourceTitle "EXT 2023"]
[Source "ChessBase"]
[SourceDate "2022.10.05"]
[SourceVersion "1"]
[SourceVersionDate "2022.10.05"]
[SourceQuality "1"]
[WhiteTeam "Buchen"]
[BlackTeam "Baden-Baden III"]
[WhiteTeamCountry "GER"]
[BlackTeamCountry "GER"]

1. c4 c5 2. Nc3 Nf6 3. g3 d5 4. cxd5 Nxd5 5. Bg2 Nc7 6. d3 e5 7. Qb3 Nd7 8. Nf3 Be7 9. 0-0 0-0 10. e3 b5 11. a4 b4 12. Nd5 Bb7 13. Nd2 Nxd5 14. Bxd5 Bxd5 15. Qxd5 Re8 16. Nc4 Nb6 17. Qe4 Bf8 18. a5 Nxc4 19. Qxc4 Qd7 20. e4 Rad8 21. Rd1 h5 22. Kg2 h4 23. f3 Re6 24. Be3 Rd6 25. Rac1 h3+ 26. Kf2 Rxd3 27. Rxd3 Qxd3 28. Qxd3 Rxd3 29. g4 Rb3 30. Bxc5 Rxb2+ 31. Kg3 Ra2 32. Bxf8 Kxf8 33. Rc5 b3 34. Rxe5 b2 35. Rb5 Ke7 36. e5 Kd7 37. a6 Kc6 38. Rb7 Kd5 39. f4 Kc4 40. Kh4 Kc3 41. Rc7+ Kd2 42. Rb7 Kc2 43. Rc7+ Kb1 44. Rxf7 Rxa6 45. Rxg7 Kc2 46. Rc7+ Kd2 47. Rb7 Rb6 48. Rxb6 axb6 49. e6 b1Q 50. f5 b5 51. Kg5 Qe4 0-1

[Event "Bodensee op Seniors 6th"]
[Site "Bregenz"]
[Date "2022.05.28"]
[Round "7"]
[White "Dobosz, Henryk"]
[Black "Roettinger, Eugen"]
[Result "1-0"]
[WhiteElo "2362"]
[BlackElo "2028"]
[PlyCount "55"]
[EventDate "2022.05.22"]
[EventType "swiss"]
[EventRounds "7"]
[EventCountry "AUT"]
[SourceTitle "CBM 208 Extra"]
[Source "ChessBase"]
[SourceDate "2022.07.31"]
[SourceVersion "1"]
[SourceVersionDate "2022.07.31"]
[SourceQuality "1"]

1. d4 d5 2. c4 e6 3. Nc3 Nf6 4. cxd5 exd5 5. Bg5 c6 6. e3 Bf5 7. Qf3 Qd7 8. Bxf6 gxf6 9. Qd1 Rg8 10. g3 Qe6 11. Bd3 Nd7 12. Bxf5 Qxf5 13. Qf3 Qc2 14. Qe2 Qxe2+ 15. Kxe2 f5 16. Nf3 Be7 17. a3 Bf6 18. b4 Ke7 19. Rhc1 Kd6 20. b5 Rgc8 21. bxc6 bxc6 22. Rab1 Rab8 23. Na4 Kc7 24. Nc3 Kd6 25. Nd2 Rb6 26. Nb5+ Ke6 27. Nxa7 Rxb1 28. Nxb1 1-0

[Event "AUT-chT 2122"]
[Site "Austria"]
[Date "2022.04.22"]
[Round "10.5"]
[White "Dobosz, Henryk"]
[Black "Markus, Robert"]
[Result "0-1"]
[WhiteElo "2369"]
[BlackElo "2609"]
[PlyCount "102"]
[EventDate "2021.11.04"]
[EventType "team-tourn"]
[EventRounds "11"]
[EventCountry "AUT"]
[SourceTitle "EXT 2023"]
[Source "ChessBase"]
[SourceDate "2022.10.05"]
[SourceVersion "1"]
[SourceVersionDate "2022.10.05"]
[SourceQuality "1"]
[WhiteTeam "Bregenz"]
[BlackTeam "Fuerstenfeld/Hartberg"]
[WhiteTeamCountry "AUT"]
[BlackTeamCountry "AUT"]

1. e4 e6 2. d4 d5 3. Nc3 Bb4 4. exd5 exd5 5. Bd3 Nc6 6. a3 Be7 7. Qf3 Nf6 8. Nge2 Bg4 9. Qg3 0-0 10. f3 Be6 11. Qf2 Qd7 12. g4 Na5 13. Nf4 Rfc8 14. Be3 Nc4 15. Nxe6 fxe6 16. Bxc4 dxc4 17. 0-0 Rf8 18. Qe2 b5 19. a4 a6 20. Bf2 Rae8 21. axb5 axb5 22. Ra6 Bd6 23. Ne4 Nxe4 24. fxe4 e5 25. d5 Rf4 26. h3 Ref8 27. Raa1 c6 28. Bg3 Rxf1+ 29. Rxf1 Rxf1+ 30. Qxf1 cxd5 31. exd5 Bc5+ 32. Kh2 Qxd5 33. Qe2 e4 34. h4 h6 35. Bf4 Qd4 36. Kh3 e3 37. Kg3 Qxb2 38. g5 hxg5 39. hxg5 Qd4 40. Qf3 Bd6 41. Qa8+ Kh7 42. g6+ Kxg6 43. Qe8+ Kf6 44. Qd8+ Ke6 45. Qe8+ Be7 46. Qc6+ Kf7 47. Qxb5 g6 48. Kf3 e2 49. Bg3 Qc3+ 50. Kxe2 Qxg3 51. Qxc4+ Kf6 0-1

[Event "Oberliga Baden 2122"]
[Site "Germany"]
[Date "2021.11.14"]
[Round "3.3"]
[White "Guenthner, Oliver"]
[Black "Dobosz, Henryk"]
[Result "0-1"]
[WhiteElo "2167"]
[BlackElo "2369"]
[PlyCount "78"]
[EventDate "2021.10.10"]
[EventType "team-tourn"]
[EventRounds "11"]
[EventCountry "GER"]
[SourceTitle "EXT 2023"]
[Source "ChessBase"]
[SourceDate "2022.10.05"]
[SourceVersion "1"]
[SourceVersionDate "2022.10.05"]
[SourceQuality "1"]
[WhiteTeam "Hockenheim"]
[BlackTeam "Buchen"]
[WhiteTeamCountry "GER"]
[BlackTeamCountry "GER"]

1. e4 c5 2. Nf3 e6 3. d4 cxd4 4. Nxd4 Nc6 5. Be3 Nf6 6. Nxc6 bxc6 7. Bd3 d5 8. Nd2 e5 9. h3 h6 10. c3 Bd6 11. 0-0 0-0 12. Qc2 Qc7 13. Rfe1 Be6 14. f3 Qe7 15. Nb3 a5 16. Qf2 Nd7 17. Nd2 a4 18. b3 Rfc8 19. Bc2 Qd8 20. Kh1 axb3 21. axb3 Qc7 22. Qg1 Qb7 23. Rxa8 Rxa8 24. Ra1 Nf6 25. g4 Rxa1 26. Qxa1 c5 27. exd5 Bxd5 28. Kg2 e4 29. f4 Bxf4 30. Bxf4 e3+ 31. Kg3 exd2 32. Bxd2 Bxb3 33. Bxb3 Qxb3 34. Qa8+ Kh7 35. Qf3 Qc2 36. Be1 Ne4+ 37. Kf4 Ng5 38. Qe3 Qh2+ 39. Bg3 Qxh3 0-1

[Event "AUT-chT 2122"]
[Site "Austria"]
[Date "2021.11.06"]
[Round "3.2"]
[White "Krassowizkij, Jaroslaw"]
[Black "Dobosz, Henryk"]
[Result "0-1"]
[WhiteElo "2458"]
[BlackElo "2369"]
[PlyCount "90"]
[EventDate "2021.11.04"]
[EventType "team-tourn"]
[EventRounds "11"]
[EventCountry "AUT"]
[SourceTitle "CBM 205 Extra"]
[Source "ChessBase"]
[SourceDate "2022.01.31"]
[SourceVersion "1"]
[SourceVersionDate "2022.01.31"]
[SourceQuality "1"]
[WhiteTeam "Goetzis"]
[BlackTeam "Bregenz"]
[WhiteTeamCountry "AUT"]
[BlackTeamCountry "AUT"]

1. e4 e5 2. Nf3 d6 3. d4 exd4 4. Nxd4 Nf6 5. Nc3 Be7 6. Bf4 0-0 7. Qd2 Re8 8. 0-0-0 Bf8 9. f3 Nbd7 10. g4 Nb6 11. h4 c6 12. h5 d5 13. g5 Nfd7 14. exd5 cxd5 15. Ndb5 Ne5 16. Nxd5 Qxd5 17. Qxd5 Nxd5 18. Rxd5 Nxf3 19. Nc7 Re1+ 20. Rd1 Rxd1+ 21. Kxd1 Rb8 22. Nb5 Ra8 23. Nc7 Rb8 24. Nb5 Ra8 25. Ke2 Bd7 26. Kf2 Rc8 27. Bd3 Bxb5 28. Bxb5 Nxg5 29. c3 Ne6 30. Bc1 Be7 31. Rd1 Rd8 32. Rxd8+ Bxd8 33. Kf3 f5 34. Bc4 Kf7 35. Bd5 b6 36. c4 g5 37. hxg6+ hxg6 38. b4 Be7 39. Bd2 g5 40. a4 g4+ 41. Kg3 Bd6+ 42. Kh4 Kf6 43. b5 Nf4 44. Bb7 Ne2 45. Bg2 Kg6 0-1

[Event "AUT-chT 1920"]
[Site "Austria"]
[Date "2019.10.13"]
[Round "4.3"]
[White "Dobosz, Henryk"]
[Black "Wagner, Dennis"]
[Result "0-1"]
[WhiteElo "2409"]
[BlackElo "2565"]
[PlyCount "56"]
[EventDate "2019.10.10"]
[EventType "team-tourn"]
[EventRounds "11"]
[EventCountry "AUT"]
[SourceTitle "EXT 2020"]
[Source "ChessBase"]
[SourceDate "2019.10.17"]
[SourceVersion "1"]
[SourceVersionDate "2019.10.17"]
[SourceQuality "1"]
[WhiteTeam "Bregenz"]
[BlackTeam "Jenbach"]
[WhiteTeamCountry "AUT"]
[BlackTeamCountry "AUT"]

1. d4 Nf6 2. c4 g6 3. Nc3 d5 4. Nf3 Bg7 5. Bg5 Ne4 6. Bf4 Nxc3 7. bxc3 dxc4 8. Qa4+ Nd7 9. Qxc4 c5 10. e3 Qa5 11. Nd2 cxd4 12. cxd4 e5 13. dxe5 0-0 14. Rb1 Nxe5 15. Qb5 Qc3 16. Qb3 Qxb3 17. Rxb3 Be6 18. Rb5 Nd7 19. Rxb7 Rfc8 20. Be2 Rc2 21. Bd1 Rxa2 22. Rc7 Ne5 23. Bc2 Nc4 24. Be4 Rd8 25. Nb1 a5 26. 0-0 a4 27. Rc1 Ra1 28. R1xc4 Rd1# 0-1

[Event "AUT-chT2W 1819"]
[Site "Austria"]
[Date "2019.03.09"]
[Round "10.5"]
[White "Loeffler, Christoph"]
[Black "Dobosz, Henryk"]
[Result "0-1"]
[WhiteElo "2125"]
[BlackElo "2399"]
[PlyCount "52"]
[EventDate "2018.10.12"]
[EventType "team-tourn"]
[EventRounds "11"]
[EventCountry "AUT"]
[SourceTitle "CBM 189 Extra"]
[Source "ChessBase"]
[SourceDate "2019.06.03"]
[SourceVersion "1"]
[SourceVersionDate "2019.06.03"]
[SourceQuality "1"]
[WhiteTeam "Salzburg ASK"]
[BlackTeam "Bregenz"]
[WhiteTeamCountry "AUT"]
[BlackTeamCountry "AUT"]

1. e4 c5 2. Nc3 e6 3. f4 d5 4. Nf3 Nf6 5. Bb5+ Nc6 6. Qe2 Be7 7. e5 Ng8 8. 0-0 Bd7 9. Qf2 Nh6 10. Bxc6 Bxc6 11. d4 Qb6 12. a4 cxd4 13. Nxd4 Bc5 14. Rd1 Ng4 15. Qd2 f6 16. exf6 gxf6 17. a5 Bxd4+ 18. Qxd4 Qxd4+ 19. Rxd4 Rg8 20. Rd3 0-0-0 21. a6 b6 22. b4 d4 23. Ne2 Bb5 24. Rd2 e5 25. Bb2 Ne3 26. g3 Nc4 0-1

[Event "Oberliga Baden 1819"]
[Site "Baden"]
[Date "2018.11.25"]
[Round "3.2"]
[White "Abergel, Thal"]
[Black "Dobosz, Henryk"]
[Result "1/2-1/2"]
[WhiteElo "2419"]
[BlackElo "2400"]
[PlyCount "178"]
[EventDate "2018.10.21"]
[EventType "team-tourn"]
[EventRounds "9"]
[EventCountry "GER"]
[SourceTitle "EXT 2020"]
[Source "ChessBase"]
[SourceDate "2019.10.17"]
[SourceVersion "1"]
[SourceVersionDate "2019.10.17"]
[SourceQuality "1"]
[WhiteTeam "Viernheim II"]
[BlackTeam "Buchen"]
[WhiteTeamCountry "GER"]
[BlackTeamCountry "GER"]

1. e4 e5 2. Nf3 Nc6 3. Bc4 Bc5 4. c3 Nf6 5. d4 exd4 6. e5 d5 7. Be2 d3 8. exf6 dxe2 9. Qxe2+ Kf8 10. b4 Bd6 11. b5 Na5 12. fxg7+ Kxg7 13. Be3 Nc4 14. Nbd2 Nxe3 15. fxe3 Bf5 16. 0-0 Bg6 17. Nd4 Qg5 18. Qf2 Rhe8 19. Rae1 Kg8 20. Kh1 Qh5 21. N2f3 Re4 22. Ne2 Qh6 23. Nf4 Bxf4 24. exf4 Qxf4 25. Rd1 c6 26. Qc5 Qc7 27. Rxd5 Rc8 28. Rdd1 b6 29. Qg5 cxb5 30. Nd4 Qe7 31. Qxb5 Rc5 32. Qb2 Re3 33. Rc1 Qc7 34. Qf2 Rh5 35. Nf3 Rxc3 36. Rxc3 Qxc3 37. Qg3 Kg7 38. Qf4 Rf5 39. Qd6 Qf6 40. Qd2 Bh5 41. Rg1 Bg6 42. Re1 h6 43. h3 Rc5 44. Re8 Rc2 45. Qb4 Rc1+ 46. Kh2 Rc5 47. Re1 Qc3 48. Qf4 Rf5 49. Qg3 Ra5 50. Re7 Qf6 51. Re2 Ra4 52. Kh1 Rc4 53. Qe1 Qc3 54. Qg3 Qc1+ 55. Re1 Qf4 56. Qf2 Rc2 57. Re2 Rc1+ 58. Re1 Kh7 59. Rxc1 Qxc1+ 60. Kh2 Qc7+ 61. Kg1 Qc2 62. Qd4 Qxa2 63. Ne5 Qb1+ 64. Kh2 Qe4 65. Qd6 Qf4+ 66. Kg1 Kg7 67. Qe7 Qf6 68. Nxg6 Qxg6 69. Qxa7 Qb1+ 70. Kh2 Qb2 71. Qb8 Qd4 72. Qg3+ Kf6 73. Qg8 Ke7 74. Qc8 Qe5+ 75. g3 b5 76. h4 Qe2+ 77. Kg1 Qc4 78. Qb7+ Kf6 79. Qb8 Qc5+ 80. Kh2 Kg7 81. Qf4 b4 82. Qg4+ Kf8 83. Qf4 h5 84. Qf3 Kg7 85. Kh3 Qg1 86. Qe4 Qf1+ 87. Kh2 Qf6 88. Kh3 Qb2 89. Qd5 Qe2 1/2-1/2

[Event "AUT-chT2W 1819"]
[Site "Austria"]
[Date "2018.10.13"]
[Round "2.4"]
[White "Dobosz, Henryk"]
[Black "Neuberger, Guido"]
[Result "1-0"]
[WhiteElo "2399"]
[BlackElo "2251"]
[PlyCount "83"]
[EventDate "2018.10.12"]
[EventType "team-tourn"]
[EventRounds "11"]
[EventCountry "AUT"]
[SourceTitle "CBM 186 Extra"]
[Source "ChessBase"]
[SourceDate "2018.08.24"]
[SourceVersion "1"]
[SourceVersionDate "2018.08.24"]
[SourceQuality "1"]
[WhiteTeam "Bregenz"]
[BlackTeam "Wolfurt"]
[WhiteTeamCountry "AUT"]
[BlackTeamCountry "AUT"]

1. d4 d5 2. c4 c6 3. Nc3 Nf6 4. Nf3 e6 5. Bg5 dxc4 6. e4 b5 7. e5 h6 8. Bh4 g5 9. Nxg5 hxg5 10. Bxg5 Nbd7 11. exf6 Bb7 12. g3 c5 13. d5 Qb6 14. Bg2 0-0-0 15. 0-0 b4 16. Rb1 Qa5 17. dxe6 Bxg2 18. Kxg2 fxe6 19. f7 bxc3 20. bxc3 Qc7 21. Qf3 Bd6 22. Bxd8 Rxd8 23. Qa8+ Nb8 24. Rfd1 Kd7 25. Rb7 Nc6 26. Rxc7+ Kxc7 27. Qxd8+ Nxd8 28. Rxd6 Nxf7 29. Rxe6 Kd7 30. Ra6 Ng5 31. f3 Ne6 32. Rxa7+ Kc8 33. Re7 Nd4 34. cxd4 c3 35. dxc5 c2 36. Re1 Kc7 37. h4 Kc6 38. h5 Kxc5 39. h6 Kc4 40. h7 c1Q 41. Rxc1+ Kd3 42. h8Q 1-0